000 00319nam a22001457a 4500
003 OSt
005 20160727222405.0
008 160623b xxu||||| |||| 00| 0 eng d
040 _cALICE
100 _9810
_aDorr, R.K
245 _aALICE
260 _aTennessee
_b Broadman Press
_c1989
300 _aALICE
942 _2ddc
_cBK
999 _c648
_d648